Anatomie d'un fleuve # le Congo - Statistiques

Statistiques générales
  • Ce quiz a été pris 43 fois
  • Le résultat moyen est 10 sur 20
Statistiques - réponses
Question Réponse % Correct
Autre capitale, en face de la précédente Brazzaville
82%
Capitale baignée par le fleuve Kinshasa
82%
Ligne imaginaire traversée deux fois par le fleuve Congo Equateur
76%
De 1971 à 1997, ce fleuve a été renommé ainsi, comme le principal pays qu'il traverse Zaïre
68%
Primate du bassin du Congo, en grand danger d'extinction, mais dont les populations commencent à augmenter à nouveau suite aux mesures de protection {Gorille} des montagnes
62%
Etendue d'eau dans laquelle se jette le Congo Océan Atlantique
62%
Nationalité du premier explorateur européen du Congo (1482) Portugaise
62%
Ancien nom de cette capitale, du nom du roi belge qui possédait ce territoire Léopoldville
59%
Nom du dictateur à l'origine de ce changement de nom Mobutu
59%
Type de milieu naturel traversé par le fleuve Forêt équatoriale
56%
Succession de cataractes nommées d'après un médecin, missionnaire et explorateur anglais, qui empêchent la navigation sur le fleuve Chutes {Livingstone}
53%
Région bordant les montagnes dans lesquelles le Congo prend sa source Grand {rift} africain
53%
Mammifère de la famille des girafes, qu'on trouve exclusivement dans le bassin du Congo Okapi
50%
Il décide de nommer ce fleuve en référence à ce royaume situé en amont Royaume du {Kongo}
50%
Explorateur britannique qui a largement contribué à la connaissance du fleuve au XIXe siècle Henry Stanley
47%
Affluent majeur qui fait frontière avec la République centrafricaine (indice...) Oubangui
38%
Ecrivain britannique qui a décrit la construction de cette infrastructure, dans des conditions épouvantables, dans son roman "Au coeur des ténèbres" Joseph Conrad
15%
Principal port sur le fleuve, permettant le lien avec l'océan et donc le transport de marchandises Matadi
12%
Première grande ville congolaise bordant ses rives Kisangani
6%
Infrastructure permettant de les contourner Chemin de fer
3%
Aucun quiz correspondant
Distribution des résultats
% des personnes avec chaque résultat
Percentile par nombre de réponses
Votre historique - résultats
Vous n’avez pas pris ce quiz